| 000 | 00870nam a2200265Ia 4500 | ||
|---|---|---|---|
| 008 | 191130s1997##################000#0#eng## | ||
| 020 | _a9780521626019 | ||
| 022 | _a97026897 | ||
| 040 |
_aACL _cACL |
||
| 082 | _a338.542 GER | ||
| 100 | _aGeroski, Paul | ||
| 245 |
_aCoping with recession : UK company performance in adversity _cby P.A. Geroski and P. Gregg |
||
| 260 |
_aCambridge _bCambridge University Press _c1997 |
||
| 300 | _axiii, 198 p. : ill. ; 24 cm | ||
| 500 | _aIncludes bibliographical references (p. 183-192) and index | ||
| 650 | _aBusiness cycles - Great Britain | ||
| 650 | _aEconomics | ||
| 650 | _aIndustrial management - Great Britain | ||
| 650 | _aIndustries - Great Britain | ||
| 650 | _aRecessions - Great Britain | ||
| 700 | _aGregg, Paul | ||
| 990 | _a761b248bac10000c58cefbed67c07d44 | ||
| 991 | _a189114 | ||
| 999 |
_c139255 _d139255 |
||